| 000 | 00355nam a22001337a 4500 | ||
|---|---|---|---|
| 020 |
_a9788122436082 _qPB |
||
| 040 |
_aNUST _cNUST |
||
| 082 |
_a658.5752 _bULR |
||
| 100 |
_aSrinivasa prakash Regalla _918924 |
||
| 245 | _aProduct Design and Manufacturing | ||
| 260 |
_aNew Delhi . ; _bNew Age int , _c2014. |
||
| 300 |
_a453 p. ; _b24 cm. |
||
| 942 |
_2ddc _cBK |
||
| 999 |
_c527595 _d527595 |
||